[Event "Tata Steel-A 82nd"]
[Site "Wijk aan Zee"]
[Date "2020.01.19"]
[Round "8"]
[White "Carlsen, Magnus"]
[Black "Vitiugov, Nikita"]
[Result "1-0"]
[WhiteElo "2872"]
[BlackElo "2747"]
[PlyCount "59"]
[EventDate "2020.01.11"]
[EventType "tourn"]
[EventRounds "13"]
[EventCountry "NED"]
[EventCategory "20"]
[SourceTitle "CBM 194"]
[Source "ChessBase"]
[SourceDate "2020.01.27"]
[SourceVersion "1"]
[SourceVersionDate "2020.01.27"]
[SourceQuality "1"]

1. e4 e5 2. Nf3 Nc6 3. Bb5 a6 4. Ba4 Nf6 5. O-O Be7 6. d3 b5 7. Bb3 d6 8. Bd2 O-O 9. h3 h6 10. Re1 Re8 11. a3 Bf8 12. Nc3 Rb8 13. Ba2 $146 ({RR} 13. Ne2 Be6 14. Ng3 d5 15. Qe2 dxe4 16. dxe4 Bxb3 17. cxb3 Nd4 18. Nxd4 exd4 19. b4 Nd7 20. Bf4 Rc8 21. Rad1 c5 22. bxc5 Nxc5 23. Qg4 Kh8 24. e5 Ne6 25. Nf5 Rc2 26. Nd6 Bxd6 27. exd6 Qf6 {Caruana,F (2828)-Tari,A (2633) Stavanger 2020 1-0 (38)}) ({RR} 13. a4 Na5 14. Ba2 b4 15. Nd5 c5 16. Nh2 Nxd5 17. Bxd5 Be6 18. Qf3 Rc8 19. Ng4 Nc6 20. c3 bxc3 21. bxc3 Bxd5 22. exd5 Ne7 23. Rab1 Rb8 24. Ne3 Qd7 25. Nc4 Ng6 26. a5 Rb5 27. Rbd1 Ne7 {Pranav,V (2594)-Esipenko,A (2679) chess.com INT 2025 1-0 (44)}) 13... Ne7 14. Nh4 g5 15. Nf3 Ng6 16. Nh2 c6 17. Ne2 d5 18. Ng3 dxe4 19. dxe4 Rb7 20. Qf3 Nf4 21. Rad1 Rd7 22. Be3 Rxd1 23. Rxd1 Qe7 24. Ng4 Nxg4 25. hxg4 Rd8 26. Re1 c5 27. Nf5 Qc7 28. g3 Ne6 29. Qh1 f6 30. Bd5 1-0

[Event "Tata Steel-A 82nd"]
[Site "Wijk aan Zee"]
[Date "2020.01.21"]
[Round "9"]
[White "Firouzja, Alireza"]
[Black "Carlsen, Magnus"]
[Result "0-1"]
[WhiteElo "2723"]
[BlackElo "2872"]
[Annotator "Nielsen,Peter Heine"]
[PlyCount "78"]
[EventDate "2020.01.11"]
[EventType "tourn"]
[EventRounds "13"]
[EventCountry "NED"]
[EventCategory "20"]
[SourceTitle "CBM 194"]
[Source "ChessBase"]
[SourceDate "2020.01.27"]
[SourceVersion "1"]
[SourceVersionDate "2020.01.27"]
[SourceQuality "1"]

{[%evp 0,8,34,37,37,10,25,12,12,12,22] Firouzja had made a marked impression, at this point leading the tournament with 5 rounds to go. It could be said that someone experienced should have told Alireza to take it easy and aim for a draw, but that would ruin the chance to gain experience and the young Iranian ( FIDE?) stays true to his aggressive instincts and goes for it!} 1. e4 e5 2. Nf3 Nc6 3. Bb5 Nf6 4. d3 {Aiming for a battle.} (4. O-O Nxe4 5. Re1 {would be going in the other direction.}) 4... d6 $5 {4...Bc5 by far being the main-line these days, Magnus chooses a solid line known to give White a moderate edge, but keeping all the pieces on the board.} 5. c3 {In the World blitz he had played 5.c4, but here he chooses the main line.} a6 6. Ba4 Be7 7. O-O O-O 8. Re1 Re8 9. Nbd2 Bf8 10. h3 b5 11. Bc2 {After a lot of typical "Spanish" moves, its worth noting the bishop going to c2 instead of b3, as that would allow ...Na5 followed by ...c5.} Bb7 12. d4 {Would Magnus now play 12...h6, then after 13.a4 a famous position from the Kasparov-Karpov matches would arise by transposition, with white having played d4 in 2 moves, but Bc2 instead of Bb3-c2. The line has gone out of fashion, except for the detail that Firouzja brought it back to people's attention by beating Kovalev with it in the first round! Magnus, however, knows his classics, and that Karpov had exploited that White now has no threat of Ng5 meaning ...h6 is unneccesary, and thus makes a more useful move:} g6 $5 {Quite interestingly Karpov in 2019 in the legends rapid tournament deviated agianst Ljubojevic, and played 12...Nb8. Or maybe he exactly remembered that he had lost against the same player with 12...g6 28 years earlier!} 13. a3 $6 {The move in itself is good enough, but the plan is wrong.} (13. d5 Nb8 14. b3 c6 15. c4 Nbd7 16. a4 Qc7 {has been played numerous times, and transposes into the game, with the exception that here it is White to move!}) 13... Nb8 14. d5 {[%emt 0:00:14]} (14. Nb3 $5 {[%cal Gb3a5] would be an interesting move, threatening Na5.} exd4 {is the typical reply, as now e4 is hanging, but} 15. Bg5 $5 {renews the threat of Na5, and} dxc3 $2 (15... h6 $1 {, however, is fine for Black.}) 16. e5 $1 {wins a piece.}) (14. b4 {would be more in line with 13.a3, when after} Nbd7 15. Bb2 {we have a typical Breyer position.}) ({RR} 14. b3 Nbd7 15. Bb2 c6 16. c4 exd4 17. Bxd4 c5 18. Bc3 Bg7 19. Rc1 Qb6 20. Bd3 b4 21. axb4 cxb4 22. Bd4 Nc5 23. Bc2 Qc7 24. Re3 Re7 25. Qe2 Rae8 26. Re1 Nh5 27. Bxg7 Kxg7 28. Qd1 f6 {Yakubboev,N (2598)-Kamsky,G (2658) Europe Echecs INT 2021 1-0 (48)}) ({RR} 14. Re2 Nbd7 15. Qe1 Nh5 16. Nf1 Nf4 17. Bxf4 exf4 18. Qd2 Qf6 19. N1h2 h5 20. Rae1 Bh6 21. Qd3 Rad8 22. Qd1 Qg7 23. h4 c5 24. dxc5 Nxc5 25. Qd4 Qf8 26. Qd1 Qe7 27. a4 Nd7 28. axb5 axb5 {Zhang,L-Long,S (1632) Qiziwan CHN 2023 ½-½ (47)}) 14... c6 15. c4 Nbd7 $146 ({RR} 15... bxc4 16. dxc6 Bxc6 17. Nxc4 Nxe4 18. Rxe4 d5 19. Rxe5 dxc4 20. Rxe8 Qxe8 21. Nd4 Bb7 22. Bd2 Bg7 23. Bc3 Nd7 24. Qd2 Nc5 25. Re1 Qd7 26. Qe3 Qd5 27. Nf3 Nd3 28. Rd1 Rd8 29. Bxg7 Kxg7 30. b3 {Tomiello,L (2114)-Terletsky,O (2195) Chess.com INT 2021 1-0 (32)}) 16. a4 Qc7 $1 17. b3 {The above-mentioned position, but with Black to move. Magnus uses the given extra tempo to regroup.} Rec8 $1 18. Ra2 bxc4 19. bxc4 a5 $1 20. Nf1 $2 {A logical and typical move, but a mistake.The problem for White is that optically we would tend to asses it as White being slightly better. After all, he has the centre, and can regroup behind it. The game exemplifies why that is very far from the truth, and thus} (20. Nb1 $1 {, strange as it looks, would be a much better move, trying to land the knight on b5, and at least put up some resistance to Black's plans.}) 20... Ba6 $1 21. Ne3 Nc5 22. Nd2 cxd5 23. cxd5 Rab8 24. Ba3 Qd8 $5 {A good move, also for illustrative purposes, as Magnus retreats his queen to the back rank but clears the c-line for his rook.} 25. Qf3 h5 $1 26. Raa1 Bh6 $1 {A beautiful geometrical motif, with Black's bishops literally playing around White's centre. The a5 and h5 pawns provide excellent cover, meaning the bishops becomes untouchable, and dominate till the end.} 27. Rab1 Rxb1 28. Rxb1 Kg7 $1 29. Nef1 h4 $1 {Black just keeps improving his postion, as White can literally not do anything active without immediately losing material.} 30. Ne3 Bf4 31. Nef1 Qc7 32. g3 $6 {Alireza loses patience, an in order " to do something", just weakens his position.} (32. Ne3 {, staying loyal to the back and forth concept, could have led to this beautiful line:} Ncd7 33. Rc1 Qc3 34. Nb1 Qa1 $1 {when White is completely dominated and loses material!}) 32... hxg3 33. fxg3 Bh6 34. h4 Qd7 {Simplicity at its best, eyeing the a4 pawn, which white really can do nothing about.} 35. Kg2 Nxa4 36. Bxa4 Qxa4 37. Bxd6 Qd4 $1 {The knight on d2 is hanging, there is a threat of 38...Ne8 as bxa3 Rc3 then wins a piece, etc. White position is collapsing.} 38. Qf2 (38. Z0 Ne8 39. Ba3 Rc3) 38... Qxf2+ 39. Kxf2 Bxf1 {And here Alireza, being very short of time resigned, as 40.Nxf1 Nxe4+ loses the bishop on d6. However, with 40.Kxf1 Bxd2 41 Bxe5 he could have prolonged the game somewhat. Magnus was planning 41...Bc3 42.Rc1! Bxe5 43.Rxc8 Nxe4, and while the win will take some moves, the result is not in doubt. A great strategical game by Magnus, outplaying his young opponent by positional means. One could even make the statement that absolutely no tactical remedies were used by Black at all in tis game, he only further and further strengthened his own position until his opponent's camp collapsed!} (39... Bxf1 40. Kxf1 (40. Nxf1 Nxe4+) 40... Bxd2 41. Bxe5 Bc3 42. Rc1 $1 Bxe5 43. Rxc8 Nxe4 $19) 0-1

[Event "Tata Steel-A 82nd"]
[Site "Wijk aan Zee"]
[Date "2020.01.24"]
[Round "11"]
[White "Duda, Jan Krzysztof"]
[Black "Carlsen, Magnus"]
[Result "1/2-1/2"]
[WhiteElo "2758"]
[BlackElo "2872"]
[Annotator "Duda,Jan Krzysztof"]
[PlyCount "86"]
[EventDate "2020.01.11"]
[EventType "tourn"]
[EventRounds "13"]
[EventCountry "NED"]
[EventCategory "20"]
[SourceTitle "CBM 194"]
[Source "ChessBase"]
[SourceDate "2020.01.27"]
[SourceVersion "1"]
[SourceVersionDate "2020.01.27"]
[SourceQuality "1"]

{The game was played on 11th round, and after a free day which felt no fun at all. Magnus had just overcome a drawing crisis and had scored 3/3 in the last rounds. Still he was down to Caruana by half a point, so I assumed he would go for an even higher winning streak. Furthermore the free day made me paranoic about his opening preparation. After much thought I decided to stay loyal to my 1.e4 and see what happens, without certainity though.} 1. e4 e5 {So after all this hours spend on repeating all kinds of Sicilian variations, French Defence, Modern, Scandinavian and even Alekhine Defence, he just played 1...e5. A true surprise.} 2. Nf3 Nc6 3. Bc4 Bc5 ({Not even going for} 3... Nf6 {as he played against Van Foreest a couple of rounds earlier}) 4. c3 Nf6 5. d3 d6 {So the Italian game. The only prep I had done was that I wasn't going to play a set up with Bg5. Not a brilliant stuff, but at least I had played the Italian 32 times in my recent years.} 6. Nbd2 a6 7. Nf1 {Pretending to save a tempo on Re1 later on, but most importantly avoid ...Ng4/...f5 stuff.} (7. Bb3 h6 8. Nf1 d5 9. exd5 Nxd5 10. Ng3 O-O 11. O-O Re8 12. Re1 Nf6 13. h3 Be6 14. Bc2 Bd5 15. Nh4 Qd7 16. Nhf5 Bf8 $1 {That's the point!} 17. f4 Rad8 18. fxe5 Nxe5 19. d4 Ng6 20. Rf1 Qc6 21. Rf2 Ne4 $11 {1/2 (43) Duda,J (2739)-Mamedyarov,S (2820) Batumi 2018; with comfortable equality for Black.}) 7... h6 8. Ng3 O-O 9. O-O {I didn't remember the exact move order from my game against Mamedyarov. Obviously I wasn't willing to allow Bf8 anymore. Luckily here Black can hardly play d5, because his e5-pawn would be too weak. My opponent's next move deprives him of this option once and for all.} Ba7 10. Bb3 {I spent some time choosing between the game continuation and the more positional 10.a4.} Re8 11. h3 Be6 12. Bc2 d5 13. exd5 {By transposition we have arrived to a position which is quite tricky for unprepared Black player to face, and was popular some time ago. The good thing was I had analysed this stuff a couple of years ago, back in times, when setups with a4 or Bg5 hadn't been yet so well known. The bad thing was that I couldn't have recalled anything and I was facing the World Champion} Nxd5 {Black has other recaptures as well:} (13... Qxd5 14. Re1 Rad8) (13... Bxd5 14. Re1 Qd7 15. Nh4 (15. Be3 $5 {is a slower approach}) 15... Rad8 16. Nhf5 Kh8 17. d4 {this is a 'forced draw' when Black defends right} exd4 18. Nxg7 Rxe1+ (18... Kxg7 $2 19. Bxh6+ Kh8 20. Qd2 $40 {with a very powerful attack 1-0 (29) Ganguly,S (2660)-Kollars,D (2436) Caleta 2016}) 19. Qxe1 Kxg7 (19... Bxg2 $5 20. Kxg2 Qd5+ (20... d3) 21. Kf1 Qb5+ 22. Kg2 Qd5+ 23. Kf1 {1/2 (23) Laine,J (2311)-Gerhards,G (2304) ICCF email 2018}) (19... d3 $5) 20. Bxh6+ Kh8 (20... Kxh6 $2 21. Qd2+) 21. Qd2 (21. Bg5) 21... Rg8 (21... Nh7) 22. Qf4 Qd6 $4 {Vishy didn't handle it well, but it was a blitz game after all.} (22... Nh5 $1 23. Bg7+ Kxg7 24. Nxh5+ Kf8 25. Qh6+ Ke7 26. Re1+ Kd8 27. Nf6 Rxg2+ 28. Kf1 Rxf2+ 29. Kxf2 d3+ 30. Re3 Bxe3+ 31. Kxe3 Qe6+ 32. Kxd3 $11) 23. Qh4 Qxg3 24. fxg3 {1-0 (26) Giri,A (2773)-Anand,V (2804) Stavanger 2015}) 14. Re1 Qd6 15. Nh4 $146 ({RR} 15. Ne4 Qd7 16. Bd2 Rad8 17. Qe2 f6 18. Rad1 Nce7 19. d4 exd4 20. Nxd4 Bf7 21. Qf3 Nc6 22. Nxc6 Qxc6 23. Bc1 Re5 24. Bb3 Rde8 25. Bd2 Kh7 26. Ng3 Rxe1+ 27. Rxe1 Rxe1+ 28. Bxe1 Qe6 29. Qe4+ Qxe4 {Yeshchenko,U (2097)-Coto Mederos,M (2348) Chess.com INT 2021 ½-½ (66)}) 15... Qe7 16. Nhf5 ({On the correspondence level, the following endgame is quite common:} 16. Qh5 Rad8 17. d4 Nf4 (17... exd4 $2 18. Bxh6 gxh6 19. Qxh6 $40) (17... Nf6 18. Qf3 Bd5 (18... exd4 19. Nhf5 Qf8 20. Nxh6+) 19. Qd3 $36) 18. Bxf4 exf4 19. Nf1 (19. Ngf5 Qg5 20. Qxg5 hxg5 21. Nf3 g6 22. Nh6+ Kg7 23. Ng4 f6) 19... Rd5 20. Qxd5 Bxd5 21. Rxe7 Nxe7 {Maybe in corr chess this is an easy draw, but to my eyes it looks as comfortable edge for White, at least in terms of OTB chess.}) 16... Qf6 17. Qf3 $2 {As it turned out - the bluff. But in the game I was pretty confident, I guess I mixed up variations. The other logical continuation is probably better, but it involves a queen sac.} (17. Qg4 {with the following line in mind:} g6 18. Nxh6+ Kf8 19. Ne4 $1 Bxf2+ 20. Nxf2 Bxg4 21. Nhxg4 {with a crazy game ahead. Objectively my choice was bad, but it's refutation was anything but easy.}) 17... g6 $2 {Frankly I didn't see this. But both alternatives are better:} (17... Kh7 18. d4 g6 {and the engine suggests} 19. Ne4 {which feels entirely wrong} (19. Be4 exd4) 19... Qxf5 20. Ng5+ Qxg5 21. Bxg5 hxg5 22. dxe5 {and in general terms three pieces should be better than the queen, but thanks to Qh5+ White is only marginally worse.}) ({or} 17... Kh8 $1 18. d4 (18. Re4 g6 19. Nh4 {is a disaster. After} Qg7 {the black pawns will start rolling.}) 18... g6 19. Be4 {Magnus calculated this far, but he either didn't see or misevaluated the next move} exd4 $1 {The refutation. White has to go for a sad endgame after} 20. Nxh6 Qxf3 21. Bxf3 Kg7 22. Bd2 {which might be holdable but no more than that.}) 18. Nxh6+ Kg7 19. Qxf6+ Nxf6 20. Ne4 (20. Bd1 {is the alternative mentioned by Magnus, but Black obviously has some compensation for the missing pawn:} Rad8 21. Be2 Nd5 22. Ng4 Nf4 $5 (22... f5 23. Nh2 Nf4 24. Bxf4 exf4 25. Ngf1 $14 {1/2 (74) Harikrishna,P (2737)-Sethuraman,S (2640) Baku 2015})) 20... Nh7 ({In the game I also wasn't entirely sure about} 20... Nxe4 21. dxe4 Rh8 22. Ng4 Bxg4 23. hxg4 Rh4 {but here both} 24. Kf1 ({and} 24. Bd1 {should lead to some edge for White})) 21. g4 (21. h4 {is probably better, but I was a bit unease about my h6-knight.} Rf8 $5 {A sophisticated move.} (21... f5 22. Ng5 Bd5 23. Nxh7 Kxh7 24. g4) (21... Rad8 22. g4 f5 23. gxf5 gxf5 {1-0 (75) Rabiega,R (2498)-Feller,S (2573) Germany 2017} 24. Ng3 $1 {is a far better version of my game.}) 22. g4 f5 {Now with the f5-pawn safely guarded, White has to go Ng5 and the position becomes a complicated one with h6-knight indeed being hanging.}) 21... f5 22. gxf5 gxf5 23. Ng3 f4 24. Ngf5+ Kg6 {For some reason I was expecting only} (24... Kf6 {which according to engine doesn't change much:} 25. d4 Ng5 26. Ng4+ Kf7 27. Kg2 Bd5+ 28. Kf1 {with similar equality.}) 25. d4 Ng5 26. Kg2 $1 Bd5+ 27. Kf1 {Black has a perpetual but apparently nothing better. Of course at this moment I didn't expect Magnus to take repetition.} Nf3 28. Rd1 (28. Re2 {I calculated this valid alternative as well, but it felt a bit unnatural with the potential ...Bc4 in the air.}) 28... Rad8 29. Ne7+ $1 {The simplest, and I think he missed it} Kxh6 30. Nxd5 Nfxd4 $1 {Luckily for Magnus he had this escape. Now the game should peter out to a draw.} 31. cxd4 Rxd5 32. dxe5 Rxd1+ 33. Bxd1 Kg5 34. h4+ Kf5 35. Bc2+ $6 {Played based on a miscalculation.} ({After the normal} 35. Bd2 {it's Black who would have to work for a draw.} Bd4) 35... Kg4 36. Bd1+ $6 (36. Bd2 {was still a lesser evil.}) 36... f3 37. Bg5 Nxe5 38. Bc2 $1 {Luckily I have this move, which with a correct follow-up guarantees draw.} ({In the intended variation} 38. Rc1 Nd3 39. Rc4+ {I completely forgot Black has} Kh3 $1 {and he is already winning now.}) 38... Nc4 39. Re1 Rxe1+ 40. Kxe1 Nxb2 41. Bf6 $1 Nc4 42. Bg6 Bc5 {It seems as if Black is going to stop the h-pawn, but my next move disturbs his coordination.} 43. Bf7 $1 (43. h5 Bf8 $15 {would be very unpleasant to defend even if defensible.}) 43... Kf5 {Offering a draw.} (43... Bb4+ 44. Kd1 $1 Nd6 45. Be6+ Kh5 (45... Kf4 46. h5 Ne4 47. Bd4 Kg5 48. Bd5 $11) 46. Bd5 Kg4 47. Be6+ {with a draw.  An interesting battle, and my first draw in classical chess against Magnus!}) 1/2-1/2

[Event "Tata Steel-A 82nd"]
[Site "Wijk aan Zee"]
[Date "2020.01.26"]
[Round "13"]
[White "So, Wesley"]
[Black "Carlsen, Magnus"]
[Result "1/2-1/2"]
[WhiteElo "2765"]
[BlackElo "2872"]
[PlyCount "103"]
[EventDate "2020.01.11"]
[EventType "tourn"]
[EventRounds "13"]
[EventCountry "NED"]
[EventCategory "20"]
[SourceTitle "CBM 194"]
[Source "ChessBase"]
[SourceDate "2020.01.27"]
[SourceVersion "1"]
[SourceVersionDate "2020.01.27"]
[SourceQuality "1"]

1. e4 e5 2. Nf3 Nc6 ({RR} 2... Nf6 3. Nc3 {½-½ (26) Chlpek,D (2040)-Kuna,P (1921) Skalica SVK 2023}) 3. Nc3 Nf6 4. d4 exd4 5. Nxd4 Bb4 6. Nxc6 bxc6 7. Bd3 d5 8. Bd2 O-O 9. O-O Bxc3 10. Bxc3 dxe4 11. Bxf6 Qxf6 12. Bxe4 Qxb2 13. Bxc6 Rb8 14. Rb1 Qxb1 15. Qxb1 Rxb1 16. Rxb1 Rd8 17. Bf3 Kf8 18. Rb8 Re8 19. h4 Ba6 20. Rb3 Be2 21. Bxe2 Rxe2 22. Rc3 Re7 23. f3 Ke8 24. Kf2 Kd7 25. Ra3 Re5 26. Rxa7 Rc5 27. Ke3 $146 Rxc2 28. g4 h5 29. gxh5 Rc4 30. Ra5 Rxh4 31. Rg5 Ke6 32. Rc5 Ra4 33. h6 gxh6 34. Rxc7 Kf6 35. Rc6+ Kg7 36. Rc2 Kg6 37. Kf2 h5 38. Kg3 Kg5 39. Rc7 h4+ 40. Kh3 f5 41. Rh7 Rc4 42. Rh8 Rc1 43. a3 Kf4 44. Rh5 Ra1 45. a4 Ra2 46. Rxh4+ Kxf3 47. Rb4 f4 48. Rb3+ Kf2 49. Kg4 Rxa4 50. Rf3+ Kg2 51. Rxf4 Rxf4+ 52. Kxf4 1/2-1/2

[Event "Legends of Chess Final"]
[Site "chess24.com INT"]
[Date "2020.07.31"]
[Round "1.12"]
[White "Carlsen, Magnus"]
[Black "Svidler, Peter"]
[Result "1/2-1/2"]
[WhiteElo "2863"]
[BlackElo "2723"]
[PlyCount "94"]
[EventDate "2020.07.31"]
[EventType "k.o."]
[EventRounds "2"]
[EventCountry "GER"]
[SourceTitle "CBM 197"]
[Source "ChessBase"]
[SourceDate "2020.07.27"]
[SourceVersion "1"]
[SourceVersionDate "2020.07.27"]
[SourceQuality "1"]

1. e4 c5 2. Nf3 d6 3. d4 cxd4 4. Nxd4 Nf6 5. Nc3 a6 6. Be3 e6 7. f3 b5 8. a3 Bb7 9. Qd2 h5 ({RR} 9... Nbd7 10. O-O-O Ne5 11. g4 Nfd7 12. g5 Nb6 13. f4 Nec4 14. Qf2 Rc8 15. Bxc4 Nxc4 16. Rd3 Qb6 17. f5 Nxe3 18. fxe6 fxe6 19. Qxe3 e5 20. Nf5 Qxe3+ 21. Nxe3 g6 22. Ned5 Be7 23. Nxe7 Kxe7 24. Rhd1 {Ultra-d (2631)-Etaoin Shrdlu (2727) Playchess.com INT 2007 ½-½}) ({RR} 9... Nbd7 10. O-O-O Rc8 11. g4 Ne5 12. g5 Nfd7 13. f4 Nc4 14. Bxc4 Rxc4 15. Rhe1 Be7 16. f5 e5 17. Nf3 Bxe4 18. Nxe4 Rxe4 19. Qd5 Rxe3 20. Rxe3 Bxg5 21. Nxg5 Qxg5 22. Qd2 O-O 23. Rg3 Qxf5 24. Qxd6 {Sathvik Adiga (2413)-Esenbek Uulu,I (2016) chess.com INT 2024 1-0 (45)}) 10. O-O-O Nbd7 11. Rg1 $146 ({RR} 11. Kb1 Rc8 12. Nb3 Be7 13. Be2 Ne5 14. h3 h4 15. Bg5 Qb6 16. Bxf6 gxf6 17. Rhe1 b4 18. axb4 Qxb4 19. Na2 Qb6 20. Qa5 Qf2 21. Qd2 Kf8 22. Bf1 Qa7 23. f4 Nc4 24. Bxc4 Rxc4 25. e5 fxe5 {Veiga,E (2106)-Gelman,A (2403) Chess.com INT 2021 0-1 (35)}) 11... Rc8 12. Be2 Be7 13. Kb1 Qc7 14. Bg5 Qb6 15. Be3 Qa5 16. g3 Rxc3 17. Nb3 Qc7 18. Qxc3 Qxc3 19. bxc3 d5 20. exd5 Nxd5 21. Bd2 Bxa3 22. c4 bxc4 23. Bxc4 N7b6 24. Na5 Nxc4 25. Nxc4 Bc5 26. Rge1 h4 27. f4 hxg3 28. hxg3 Ke7 29. f5 Rb8 30. Ka2 Nb4+ 31. Bxb4 Bxb4 32. Re3 Rc8 33. Ne5 Rxc2+ 34. Kb3 Rd2 35. Rxd2 Bxd2 36. Re2 Bd5+ 37. Ka4 Bc3 38. fxe6 Bxe6 39. Re3 Bxe5 40. Rxe5 Kf6 41. Rc5 Bd7+ 42. Kb4 Bb5 43. Kc3 Ke6 44. Kd4 f6 45. Rc7 g5 46. Rb7 Kf5 47. Rb6 Kg4 1/2-1/2

[Event "Legends of Chess Final"]
[Site "chess24.com INT"]
[Date "2020.08.01"]
[Round "1.21"]
[White "Carlsen, Magnus"]
[Black "Svidler, Peter"]
[Result "1-0"]
[WhiteElo "2863"]
[BlackElo "2723"]
[PlyCount "51"]
[EventDate "2020.07.31"]
[EventType "k.o."]
[EventRounds "2"]
[EventCountry "GER"]
[SourceTitle "CBM 197"]
[Source "ChessBase"]
[SourceDate "2020.07.27"]
[SourceVersion "1"]
[SourceVersionDate "2020.07.27"]
[SourceQuality "1"]

1. e4 c5 2. Nf3 d6 3. d4 cxd4 4. Nxd4 Nf6 5. Nc3 a6 6. Be3 e6 7. Be2 Qc7 8. Qd2 b5 9. a3 Bb7 10. f3 Nbd7 11. O-O-O d5 12. exd5 Bxd5 ({RR} 12... Nxd5 13. Nxd5 Bxd5 14. Rhe1 Qb7 15. Kb1 b4 16. c4 bxc3 17. Qxc3 Be7 18. Nf5 exf5 19. Rxd5 Qxd5 20. Bc4 Qd6 21. Qxg7 Qf6 22. Qg3 Rb8 23. Qf2 Qh4 24. Qe2 O-O 25. Bf2 Qf6 26. Qd2 Bc5 {0-1 (26) De Wachter,M (2147)-Coenen,N (2259) Belgium BEL 2025}) 13. Bf4 Qb6 14. Rhe1 O-O-O $146 ({RR} 14... b4 15. Nxd5 Nxd5 16. a4 O-O-O 17. Bg5 N7f6 18. Qd3 Kb7 19. f4 Bc5 20. a5 Qd6 21. g3 Rc8 22. Bf3 Rhd8 23. Bxf6 gxf6 24. Qxh7 Bxd4 25. Rxd4 Qc5 26. Bxd5+ exd5 27. Qd3 Qxa5 28. Kb1 Qc5 29. Rd1 {Kollars,D (2612)-Gungl,T (2352) Munich GER 2023 1-0 (39)}) 15. Be3 Qb7 16. a4 b4 17. Nxd5 Nxd5 18. Nb3 Qc6 19. Qd4 Bd6 20. Na5 Qc5 21. Bxa6+ Kc7 22. Nb7 Qxd4 23. Rxd4 Ra8 24. Nxd6 Kxd6 25. Bb5 N7f6 26. Bd2 1-0